| 000 | 00439nam a22001817a 4500 | ||
|---|---|---|---|
| 005 | 20260226124447.0 | ||
| 008 | 260226b |||||||| |||| 00| 0 eng d | ||
| 020 |
_a9788184113365 _c995.00 |
||
| 040 | _aMAIN | ||
| 041 | _aEnglish | ||
| 082 |
_a577 _bMAH |
||
| 100 |
_aMaheswari, Kamal _926422 |
||
| 245 | _aFisheries Ecology | ||
| 260 |
_aNew Delhi _bSonali _c2025 |
||
| 300 | _a304 | ||
| 650 |
_aEnvironment Science _9310 |
||
| 942 | _cBK | ||
| 999 |
_c60467 _d60467 |
||